<?xml version="1.0" encoding="UTF-8"?>
<record
    xmlns:xsi="http://www.w3.org/2001/XMLSchema-instance"
    xsi:schemaLocation="http://www.loc.gov/MARC21/slim http://www.loc.gov/standards/marcxml/schema/MARC21slim.xsd"
    xmlns="http://www.loc.gov/MARC21/slim">

  <leader>03354nam a2200313   4500</leader>
  <controlfield tag="001">11</controlfield>
  <controlfield tag="003">OSt</controlfield>
  <controlfield tag="005">20250528074009.0</controlfield>
  <controlfield tag="008">250120b        |||||||g |||| 00| 1 eng d</controlfield>
  <datafield tag="020" ind1=" " ind2=" ">
    <subfield code="a">8575421425</subfield>
  </datafield>
  <datafield tag="040" ind1=" " ind2=" ">
    <subfield code="b">por</subfield>
  </datafield>
  <datafield tag="041" ind1=" " ind2=" ">
    <subfield code="h">eng</subfield>
    <subfield code="a">por</subfield>
  </datafield>
  <datafield tag="082" ind1=" " ind2=" ">
    <subfield code="a">813</subfield>
    <subfield code="b">A339c</subfield>
  </datafield>
  <datafield tag="100" ind1="1" ind2=" ">
    <subfield code="a">Albom, Mitch,</subfield>
    <subfield code="d">1958-</subfield>
    <subfield code="9">15</subfield>
  </datafield>
  <datafield tag="240" ind1=" " ind2=" ">
    <subfield code="a">The five people you meet in Heaven </subfield>
  </datafield>
  <datafield tag="245" ind1=" " ind2=" ">
    <subfield code="a">As Cinco Pessoas que voc&#xEA; encontra no c&#xE9;u /</subfield>
    <subfield code="c">Albom, Mitch ; Tradu&#xE7;&#xE3;o de Pedro Jorgensen Junior.</subfield>
  </datafield>
  <datafield tag="250" ind1=" " ind2=" ">
    <subfield code="a">5&#xB0; edi&#xE7;&#xE3;o </subfield>
  </datafield>
  <datafield tag="260" ind1=" " ind2=" ">
    <subfield code="a">Rio de Janeiro</subfield>
    <subfield code="b">Sextante</subfield>
    <subfield code="c">2004</subfield>
  </datafield>
  <datafield tag="300" ind1=" " ind2=" ">
    <subfield code="a">189 p. </subfield>
  </datafield>
  <datafield tag="520" ind1=" " ind2=" ">
    <subfield code="a">Com o mesmo estilo sens&#xED;vel e profundo de A &#xFA;ltima grande li&#xE7;&#xE3;o, Mitch Albom nos presenteia, ap&#xF3;s seis anos de espera, com uma comovente f&#xE1;bula que nos faz refletir sobre o verdadeiro significado de nossa exist&#xEA;ncia. As cinco pessoas que voc&#xEA; encontra no c&#xE9;u conta a hist&#xF3;ria de Eddie, mec&#xE2;nico de um parque de divers&#xF5;es que morre no dia de seu anivers&#xE1;rio de 83 anos tentando salvar uma garotinha. Imerso numa rotina de trabalho e solid&#xE3;o, ele passou a vida se considerando um fracassado. Ao acordar no c&#xE9;u, encontra cinco personagens inesperados que lhe mostram como ele foi importante. Este livro foi escrito para cada um de n&#xF3;s, pois freq&#xFC;entemente nos sentimos frustrados e in&#xFA;teis &#x2013; assim como Eddie &#x2013; por n&#xE3;o termos realizado nossos sonhos. Ele nos faz lembrar que vivemos numa ampla teia de liga&#xE7;&#xF5;es e que temos o poder de mudar o destino dos outros com um pequeno gesto, e nos faz descobrir a import&#xE2;ncia da lealdade e do amor em nossas vidas. **** "N&#xE3;o se pode separar uma vida da outra, assim como n&#xE3;o se separa a brisa do vento..." Eddie &#xE9; um veterano de guerra de cabelos grisalhos, prisioneiro de uma vida inexpressiva de mec&#xE2;nico de brinquedos em um parque de divers&#xF5;es &#xE0; beira-mar. Assim como o parque passou por transforma&#xE7;&#xF5;es ao longo dos anos - do Trem Fantasma ao Tobo&#xE1;gua -, a vida de Eddie tamb&#xE9;m mudou, de uma juventude otimista a uma velhice amargurada. Seus dias s&#xE3;o feitos de uma mon&#xF3;tona rotina de trabalho, solid&#xE3;o e arrependimento. At&#xE9; que no dia do seu anivers&#xE1;rio de 83 anos, Eddie morre num acidente tr&#xE1;gico, tentando salvar uma menina de um carro que despenca da torre. Em seu suspiro final, ele sente duas m&#xE3;ozinhas nas suas - e nada mais. Acorda j&#xE1; na outra vida, onde aprende que o c&#xE9;u n&#xE3;o &#xE9; um Jardim das Del&#xED;cias, mas um lugar onde nossa vida na Terra nos &#xE9; explicada por cinco pessoas que dela tomaram parte. Entes queridos, conhecidos ou estranhos, cada um desses personagens est&#xE1;, de alguma forma, ligado a acontecimentos que a influenciaram para sempre. Uma a uma, as cinco pessoas v&#xE3;o esclarecendo as conex&#xF5;es ocultas da vida de Eddie. &#xC0; medida que a hist&#xF3;ria evolui para a sua surpreendente conclus&#xE3;o, Eddie busca desesperadamente a reden&#xE7;&#xE3;o no &#xFA;ltimo ato de sua vida, cujo resultado ele ainda desconhece: ter&#xE1; sido um sucesso her&#xF3;ico ou um retumbante fracasso? A resposta, surgida da mais improv&#xE1;vel das fontes, &#xE9;, tanto quanto o pr&#xF3;prio c&#xE9;u, um vislumbre de inspira&#xE7;&#xE3;o divina.</subfield>
  </datafield>
  <datafield tag="650" ind1=" " ind2="0">
    <subfield code="a">Literatura Americana</subfield>
    <subfield code="9">84</subfield>
  </datafield>
  <datafield tag="650" ind1=" " ind2="0">
    <subfield code="a">Drama</subfield>
    <subfield code="9">18</subfield>
  </datafield>
  <datafield tag="650" ind1=" " ind2="0">
    <subfield code="a">Espiritualidade</subfield>
    <subfield code="9">16</subfield>
  </datafield>
  <datafield tag="650" ind1=" " ind2="0">
    <subfield code="a">Vida ap&#xF3;s a morte </subfield>
    <subfield code="9">17</subfield>
  </datafield>
  <datafield tag="655" ind1=" " ind2="0">
    <subfield code="a">Romance</subfield>
    <subfield code="9">23</subfield>
  </datafield>
  <datafield tag="655" ind1=" " ind2="0">
    <subfield code="a">Fic&#xE7;&#xE3;o </subfield>
    <subfield code="9">22</subfield>
  </datafield>
  <datafield tag="700" ind1=" " ind2=" ">
    <subfield code="e">Tradutor</subfield>
    <subfield code="a">Pedro Jorgensen Junior </subfield>
  </datafield>
  <datafield tag="942" ind1=" " ind2=" ">
    <subfield code="2">ddc</subfield>
    <subfield code="n">0</subfield>
    <subfield code="c">BK</subfield>
  </datafield>
  <datafield tag="952" ind1=" " ind2=" ">
    <subfield code="0">0</subfield>
    <subfield code="1">0</subfield>
    <subfield code="2">ddc</subfield>
    <subfield code="4">0</subfield>
    <subfield code="7">0</subfield>
    <subfield code="8">FIC</subfield>
    <subfield code="a">BIBIB</subfield>
    <subfield code="b">BIBIB</subfield>
    <subfield code="c">LE</subfield>
    <subfield code="d">2016-05-03</subfield>
    <subfield code="e">doa&#xE7;&#xE3;o</subfield>
    <subfield code="l">0</subfield>
    <subfield code="o">813 / A339c</subfield>
    <subfield code="p">2025-15274</subfield>
    <subfield code="r">2025-01-20 08:34:18</subfield>
    <subfield code="w">2025-01-20</subfield>
    <subfield code="y">BK</subfield>
  </datafield>
  <datafield tag="999" ind1=" " ind2=" ">
    <subfield code="c">11</subfield>
    <subfield code="d">11</subfield>
  </datafield>
</record>
